| 000 | 00754nam a22002417a 4500 | ||
|---|---|---|---|
| 008 | 241105s2012 xxk|||||r|||| 00| 0 eng d | ||
| 041 | _aeng | ||
| 110 | _aRoyal Institution of Chartered Surveyors | ||
| 245 |
_aChallenges for international professional practice; _bfrom market value to natural value |
||
| 260 |
_aLondon, _bRoyal Institution of Chartered Surveyors, _cSeptember 2012 |
||
| 300 | _a17p. | ||
| 490 | _aRICS Thought Leadership | ||
| 650 | _aLAND | ||
| 651 | _aInternational | ||
| 690 |
_aLand use _96251 |
||
| 700 | _aCowap, Charles | ||
| 700 | _aKavanagh, James | ||
| 700 | _aMannix, Fiona | ||
| 700 | _aMooney, Rebecca | ||
| 700 | _aTracey-White, John | ||
| 710 | _aRoyal Institution of Chartered Surveyors | ||
| 942 | _n0 | ||
| 999 |
_c122052 _d122052 |
||